000 00635nam a2200217Ia 4500
005 20250425162833.0
008 250425s9999 xx 000 0 und d
020 _a9788441539921
082 _a745.4
_pWHE
100 _aWheeler, Alina
245 0 _aDiseño de marcas : una guía esencial para todo equipo de creativos de marcas
250 _aPriemera edición
260 _aMadrid
_bEdiciones Anaya Multimedia
_c2018
300 _a336 páginas
_bilustraciones
_c27 cm.
505 _aIncluye bibliografía
650 _aDiseño gráfico
650 _aLogotipos
902 _aLibro
_cImpreso
942 _c01
010 _a112159
999 _c237433
_d237433